Statistics for Gojira Albums

Click here to take the quiz!

General Stats

  • This quiz has been taken 249 times
    (99 since last reset)
  • The average score is 6 of 7

Answer Stats

YearAnswer% Correct
2005From Mars to Sirius
95%
2016Magma
95%
2021Fortitude
88%
2012L'Enfant Sauvage
88%
2008The Way of All Flesh
85%
2003The Link
80%
2001Terra Incognita
77%

Score Distribution

Percentile by Number Answered

Percent of People with Each Score

Your Score History

You have not taken this quiz since the last reset